| 000 | 01741nam2a22002771 4500 | ||
|---|---|---|---|
| 001 | rc\4122897 | ||
| 005 | 20250611101103.0 | ||
| 021 |
_aRU _b[50-12060] |
||
| 035 | _a(NLR Aleph) 008153133 | ||
| 090 |
_a7783139 _c7783139 |
||
| 100 | _a20130415d1950 |||y0rusy50 ca | ||
| 101 | 0 | _arus | |
| 102 | _aRU | ||
| 105 | _aa z |||a| | ||
| 200 | 1 |
_aДраматические произведения _f[Подгот. текста и коммент. К.К. Бухмейер и др. _gРед. В.Е. Евгеньева-Максимова] _gПод общ. ред. В.Е. Евгеньева-Максимова [и др.] |
|
| 210 |
_d1950 _gОбразцовая тип. им. Жданова _aБ. м. |
||
| 215 | _a667 с., 5 л. ил. | ||
| 461 | 0 |
_1001rc\4122893 _12001#$aПолное собрание сочинений и писем$fПод общ. ред. В.Е. Евгеньева-Максимова, А.М. Еголина и К.И. Чуковского. Т. 1-$vТ. 4 _1700#1$3RU\NLR\AUTH\776255$aНекрасов$bН. А.$cпоэт$f1821-1877$gНиколай Алексеевич _97783132 _aНекрасов, Н. А. (поэт ; 1821-1877) _cМосква _d1900-1953 _fПод общ. ред. В.Е. Евгеньева-Максимова, А.М. Еголина и К.И. Чуковского. Т. 1- _nГос. изд-во худож. лит. _tПолное собрание сочинений и писем _vТ. 4 |
|
| 702 | 1 |
_aЕвгеньев-Максимов _bВ.Е. _gВладислав Евгеньевич _4340 |
|
| 702 | 1 |
_aБухмейер _bК.К. _gКсения Константиновна _4212 |
|
| 801 | 0 |
_aRU _bNLR _gpsbo |
|
| 801 | 1 |
_aRU _bELAR _2rusmarc |
|
| 852 |
_aNLR _jЛ30 Г-3/1037 |
||
| 942 | _cBOOK | ||
| 980 | _aNB | ||